| 000 | 01165nam a2200313 i 4500 | ||
|---|---|---|---|
| 003 | EG-GICUC | ||
| 005 | 20260506140233.0 | ||
| 008 | 260506s1970 fr |||fr|||| 000 0 Fre d | ||
| 040 |
_aEG-GiCUC _bfre _cEG-GiCUC _dEG-GiCUC _eRda |
||
| 041 | 0 | _afre | |
| 082 | 0 | 4 |
_a345.623 _bCH . É _221 |
| 092 | 0 | 4 | _221 |
| 099 | _aLaw 07 345.623 CH . É 1970 | ||
| 100 | 1 |
_aChevallier, Jacques. _eAuteur |
|
| 245 | 1 | 0 |
_aL'Élaboration Historique Du Principe De Séparation De La Juridiction Administrative Et De L'Administration Active : _nTome XCVII / _cPar Jacques Chevallier, Marcel Waline; Préface De Roland Drago. _b |
| 264 | 1 |
_aParis : _bLibrairie Generale De Droit Et De Jurisprudence, _c1970. |
|
| 300 |
_a317 Page : _c 24 cm. |
||
| 336 |
_2rda contenu _a texte |
||
| 337 |
_2rda medias _aOrdinateur |
||
| 338 |
_2 transporteur rda _a Ressource en ligne |
||
| 490 | _aBibliothéque De Droit Public | ||
| 546 | _aTexte en français | ||
| 650 | 1 | _aDroit Administratif | |
| 700 | 1 |
_aDrago, Roland _ePréfacier |
|
| 700 | 1 |
_aWaline, Marcel _eCo-Auteur |
|
| 856 | 4 | 0 | _uhttps://fll.law.cu.edu.eg/fulltext/bks/B07-05443.pdf |
| 905 | _a64 | ||
| 942 |
_2ddc _n0 _cBK _e21 |
||
| 999 |
_c76013 _d76013 |
||